Double identity : the lives of working mothers

Saved in:
Bibliographic Details
Main Author: Sharpe, Sue 1945-
Format: Book
Language:English
Published: Harmondsworth : Penguin, 1984
Subjects:
Tags: Add Tag
No Tags, Be the first to tag this record!

MARC

LEADER 00000nam a2200000 i 4500
001 1/29002
008 940927s1984 eng d
020 |a 0-14-022151-4 
035 |l 10023140 
040 |a GR-MY-UA  |b gre  |e aacr 
041 0 |a eng 
082 0 |a 305.43 
100 1 |a Sharpe, Sue  |d 1945- 
245 1 0 |a Double identity : the lives of working mothers 
260 |a Harmondsworth :   |b Penguin,   |c 1984 
300 |a 248 p. 
650 0 0 |a Mothers  |x Employment. 
852 |a INST  |b CHIOS  |e 19940927  |h 305.43 SHA  |p 005200006290  |q 005200006290  |t BK  |y 0 
909 |a Χ  |b 001537